A History of Indian Philosophy : (Record no. 365860)
[ view plain ]
| 000 -LEADER | |
|---|---|
| fixed length control field | 00493nam a22001697a 4500 |
| 005 - DATE AND TIME OF LATEST TRANSACTION | |
| control field | 20250402145623.0 |
| 008 - FIXED-LENGTH DATA ELEMENTS--GENERAL INFORMATION | |
| fixed length control field | 250402b |||||||| |||| 00| 0 eng d |
| 020 ## - INTERNATIONAL STANDARD BOOK NUMBER | |
| International Standard Book Number | 9789392510618 |
| 041 ## - LANGUAGE CODE | |
| Language code of text/sound track or separate title | eng |
| 082 ## - DEWEY DECIMAL CLASSIFICATION NUMBER | |
| Classification number | 001.954 |
| Item number | DAS B22478 |
| 100 ## - MAIN ENTRY--PERSONAL NAME | |
| Author | Dasgupta S |
| 245 ## - TITLE STATEMENT | |
| Title | A History of Indian Philosophy : |
| Remainder of title | Principal Dualistic and Pluralistic Systems, Vol.III |
| 260 ## - PUBLICATION, DISTRIBUTION, ETC. | |
| Place of publication, distribution, etc. | Delhi |
| Name of publisher, distributor, etc. | Motilal Banarsidass International |
| 300 ## - PHYSICAL DESCRIPTION | |
| Extent | 614p |
| 500 ## - GENERAL NOTE | |
| Keywords | Indian Knowledge System |
| 942 ## - ADDED ENTRY ELEMENTS (KOHA) | |
| Koha item type | Books |
| Withdrawn status | Lost status | Source of classification or shelving scheme | Damaged status | Not for loan | Home library | Current library | Date acquired | Vendor | Net Price | Bill number | Total Checkouts | Full call number | Barcode | Date last seen | Discount | Actual Price | Bill Date | Koha item type | Original Barcode |
|---|---|---|---|---|---|---|---|---|---|---|---|---|---|---|---|---|---|---|---|
| Dewey Decimal Classification | Smt. Hiraben Nanavati Institute of Management & Research for Women | Smt. Hiraben Nanavati Institute of Management & Research for Women | 20/01/2025 | Forward Books | 650.00 | 24325 | 001.954 DAS B22478 | HIMR-BK-22478 | 02/04/2025 | 27 | 474.50 | 18/01/2025 | Books | B22478 |